| 000 | 00394cam a2200169ua 4500 | ||
|---|---|---|---|
| 020 | _c1.50 | ||
| 041 |
_amal _h |
||
| 082 |
_a894.812301 _bTHU/NE |
||
| 100 | _aThulasi, . | ||
| 245 |
_aNeeyum Ninte Vazhiyum / _cThulasi. _hTextual Documents |
||
| 260 |
_aQuilon : _bM.S Book Depot , _c1966. |
||
| 300 | _a107 ; . | ||
| 365 | _a1.50 | ||
| 504 | _a | ||
| 942 | _cBK | ||
| 999 |
_c948 _d948 |
||